<?xml version="1.0" encoding="UTF-8"?>
<record
    xmlns:xsi="http://www.w3.org/2001/XMLSchema-instance"
    xsi:schemaLocation="http://www.loc.gov/MARC21/slim http://www.loc.gov/standards/marcxml/schema/MARC21slim.xsd"
    xmlns="http://www.loc.gov/MARC21/slim">

  <leader>05057nam a22010697a 4500</leader>
  <controlfield tag="001">000011770</controlfield>
  <controlfield tag="003">CHAP</controlfield>
  <controlfield tag="005">20220817041324.0</controlfield>
  <controlfield tag="008">971013s1973            r     00010     d</controlfield>
  <datafield tag="010" ind1=" " ind2=" ">
    <subfield code="a">11248</subfield>
  </datafield>
  <datafield tag="011" ind1=" " ind2=" ">
    <subfield code="a">12220</subfield>
  </datafield>
  <datafield tag="035" ind1=" " ind2=" ">
    <subfield code="a">14512</subfield>
  </datafield>
  <datafield tag="040" ind1=" " ind2=" ">
    <subfield code="c">CHAP</subfield>
  </datafield>
  <datafield tag="082" ind1="0" ind2="4">
    <subfield code="a">637</subfield>
    <subfield code="b">L6</subfield>
  </datafield>
  <datafield tag="100" ind1="0" ind2="0">
    <subfield code="a">L&#xF3;pez Rubio, Armando Magdaleno.</subfield>
    <subfield code="9">68314</subfield>
  </datafield>
  <datafield tag="245" ind1="1" ind2="0">
    <subfield code="a">Pr&#xE1;cticas de los productos pecuarios.</subfield>
  </datafield>
  <datafield tag="260" ind1=" " ind2=" ">
    <subfield code="a">Chapingo, M&#xE9;x. :</subfield>
    <subfield code="b">ENA. Departamento de Industrias Agr&#xED;colas,</subfield>
    <subfield code="c">1973.</subfield>
  </datafield>
  <datafield tag="300" ind1=" " ind2=" ">
    <subfield code="a">[64 p.].</subfield>
  </datafield>
  <datafield tag="590" ind1=" " ind2=" ">
    <subfield code="a">BATCH-UPD</subfield>
    <subfield code="b">10</subfield>
    <subfield code="c">20130110</subfield>
    <subfield code="l">UCH01</subfield>
    <subfield code="h">1601</subfield>
  </datafield>
  <datafield tag="590" ind1=" " ind2=" ">
    <subfield code="a">BATCH-UPD</subfield>
    <subfield code="b">10</subfield>
    <subfield code="c">20130410</subfield>
    <subfield code="l">UCH01</subfield>
    <subfield code="h">0958</subfield>
  </datafield>
  <datafield tag="590" ind1=" " ind2=" ">
    <subfield code="a">BATCH-UPD</subfield>
    <subfield code="b">10</subfield>
    <subfield code="c">20130914</subfield>
    <subfield code="l">UCH01</subfield>
    <subfield code="h">1634</subfield>
  </datafield>
  <datafield tag="590" ind1=" " ind2=" ">
    <subfield code="a">CONVERSION</subfield>
    <subfield code="b">10</subfield>
    <subfield code="c">20130109</subfield>
    <subfield code="l">UCH01</subfield>
    <subfield code="h">1307</subfield>
  </datafield>
  <datafield tag="590" ind1=" " ind2=" ">
    <subfield code="a">E5995AHE</subfield>
    <subfield code="b">05</subfield>
    <subfield code="c">20150326</subfield>
    <subfield code="l">UCH01</subfield>
    <subfield code="h">0934</subfield>
  </datafield>
  <datafield tag="650" ind1="1" ind2="4">
    <subfield code="a">Industria lechera.</subfield>
    <subfield code="9">57819</subfield>
  </datafield>
  <datafield tag="650" ind1="1" ind2="4">
    <subfield code="a">Productos l&#xE1;cteos</subfield>
    <subfield code="x">Procesado.</subfield>
    <subfield code="9">92149</subfield>
  </datafield>
  <datafield tag="650" ind1="1" ind2="4">
    <subfield code="a">Productos pecuarios</subfield>
    <subfield code="x">Procesado.</subfield>
    <subfield code="9">92196</subfield>
  </datafield>
  <datafield tag="710" ind1="0" ind2=" ">
    <subfield code="a">ENA. Departamento de Industrias Agr&#xED;colas.</subfield>
  </datafield>
  <datafield tag="901" ind1=" " ind2=" ">
    <subfield code="a">BK</subfield>
  </datafield>
  <datafield tag="942" ind1=" " ind2=" ">
    <subfield code="c">LIBRO</subfield>
  </datafield>
  <datafield tag="942" ind1=" " ind2=" ">
    <subfield code="n">0</subfield>
  </datafield>
  <datafield tag="949" ind1=" " ind2=" ">
    <subfield code="a">637 L6</subfield>
    <subfield code="b">BC</subfield>
    <subfield code="c">BPA</subfield>
    <subfield code="d">-93322</subfield>
    <subfield code="e">BPA</subfield>
    <subfield code="f">c.11</subfield>
    <subfield code="i">14512</subfield>
    <subfield code="m">D</subfield>
    <subfield code="s">i</subfield>
  </datafield>
  <datafield tag="949" ind1=" " ind2=" ">
    <subfield code="a">637 L6</subfield>
    <subfield code="b">BC</subfield>
    <subfield code="c">BPA</subfield>
    <subfield code="d">-93324</subfield>
    <subfield code="e">BPA</subfield>
    <subfield code="f">c.12</subfield>
    <subfield code="i">14512</subfield>
    <subfield code="m">D</subfield>
    <subfield code="s">i</subfield>
  </datafield>
  <datafield tag="949" ind1=" " ind2=" ">
    <subfield code="a">637 L6</subfield>
    <subfield code="b">BC</subfield>
    <subfield code="c">BPA</subfield>
    <subfield code="d">-93325</subfield>
    <subfield code="e">BPA</subfield>
    <subfield code="f">c.13</subfield>
    <subfield code="i">14512</subfield>
    <subfield code="m">D</subfield>
    <subfield code="s">i</subfield>
  </datafield>
  <datafield tag="949" ind1=" " ind2=" ">
    <subfield code="a">637 L6</subfield>
    <subfield code="b">BC</subfield>
    <subfield code="c">BPA</subfield>
    <subfield code="d">-93326</subfield>
    <subfield code="e">BPA</subfield>
    <subfield code="f">c.14</subfield>
    <subfield code="i">14512</subfield>
    <subfield code="m">D</subfield>
    <subfield code="s">i</subfield>
  </datafield>
  <datafield tag="949" ind1=" " ind2=" ">
    <subfield code="a">637 L6</subfield>
    <subfield code="b">BC</subfield>
    <subfield code="c">BPA</subfield>
    <subfield code="d">-93328</subfield>
    <subfield code="e">BPA</subfield>
    <subfield code="f">c.15</subfield>
    <subfield code="i">14512</subfield>
    <subfield code="m">D</subfield>
    <subfield code="s">i</subfield>
  </datafield>
  <datafield tag="949" ind1=" " ind2=" ">
    <subfield code="a">637 L6</subfield>
    <subfield code="b">BC</subfield>
    <subfield code="c">BPA</subfield>
    <subfield code="d">-93331</subfield>
    <subfield code="e">BPA</subfield>
    <subfield code="f">c.16</subfield>
    <subfield code="i">14512</subfield>
    <subfield code="m">D</subfield>
    <subfield code="s">i</subfield>
  </datafield>
  <datafield tag="949" ind1=" " ind2=" ">
    <subfield code="a">637 L6</subfield>
    <subfield code="b">BC</subfield>
    <subfield code="c">BPA</subfield>
    <subfield code="d">-93332</subfield>
    <subfield code="e">BPA</subfield>
    <subfield code="f">c.17</subfield>
    <subfield code="i">14512</subfield>
    <subfield code="m">D</subfield>
    <subfield code="s">i</subfield>
  </datafield>
  <datafield tag="949" ind1=" " ind2=" ">
    <subfield code="a">637 L6</subfield>
    <subfield code="b">BC</subfield>
    <subfield code="c">BPA</subfield>
    <subfield code="d">-93333</subfield>
    <subfield code="e">BPA</subfield>
    <subfield code="f">c.18</subfield>
    <subfield code="i">14512</subfield>
    <subfield code="s">i</subfield>
  </datafield>
  <datafield tag="949" ind1=" " ind2=" ">
    <subfield code="a">637 L6</subfield>
    <subfield code="b">BC</subfield>
    <subfield code="c">BPA</subfield>
    <subfield code="d">-93334</subfield>
    <subfield code="e">BPA</subfield>
    <subfield code="f">c.19</subfield>
    <subfield code="i">14512</subfield>
    <subfield code="m">D</subfield>
    <subfield code="s">i</subfield>
  </datafield>
  <datafield tag="949" ind1=" " ind2=" ">
    <subfield code="a">637 L6</subfield>
    <subfield code="b">BC</subfield>
    <subfield code="c">BPA</subfield>
    <subfield code="d">-93335</subfield>
    <subfield code="e">BPA</subfield>
    <subfield code="f">c.20</subfield>
    <subfield code="i">14512</subfield>
    <subfield code="m">D</subfield>
    <subfield code="s">i</subfield>
  </datafield>
  <datafield tag="949" ind1=" " ind2=" ">
    <subfield code="a">637 L6</subfield>
    <subfield code="b">BC</subfield>
    <subfield code="c">BPA</subfield>
    <subfield code="d">-93336</subfield>
    <subfield code="e">BPA</subfield>
    <subfield code="f">c.21</subfield>
    <subfield code="i">14512</subfield>
    <subfield code="m">D</subfield>
    <subfield code="s">i</subfield>
  </datafield>
  <datafield tag="949" ind1=" " ind2=" ">
    <subfield code="a">637 L6</subfield>
    <subfield code="b">BC</subfield>
    <subfield code="c">BPA</subfield>
    <subfield code="d">-93337</subfield>
    <subfield code="e">BPA</subfield>
    <subfield code="f">c.22</subfield>
    <subfield code="i">14512</subfield>
    <subfield code="m">D</subfield>
    <subfield code="s">i</subfield>
  </datafield>
  <datafield tag="949" ind1=" " ind2=" ">
    <subfield code="a">637 L6</subfield>
    <subfield code="b">BC</subfield>
    <subfield code="c">BPA</subfield>
    <subfield code="d">-93340</subfield>
    <subfield code="e">BPA</subfield>
    <subfield code="f">c.23</subfield>
    <subfield code="i">14512</subfield>
    <subfield code="m">D</subfield>
    <subfield code="s">i</subfield>
  </datafield>
  <datafield tag="949" ind1=" " ind2=" ">
    <subfield code="a">637 L6</subfield>
    <subfield code="b">BC</subfield>
    <subfield code="c">BPA</subfield>
    <subfield code="d">-93341</subfield>
    <subfield code="e">BPA</subfield>
    <subfield code="f">c.24</subfield>
    <subfield code="i">14512</subfield>
    <subfield code="m">D</subfield>
    <subfield code="s">i</subfield>
  </datafield>
  <datafield tag="949" ind1=" " ind2=" ">
    <subfield code="a">637 L6</subfield>
    <subfield code="b">BC</subfield>
    <subfield code="c">BPA</subfield>
    <subfield code="d">-93342</subfield>
    <subfield code="e">BPA</subfield>
    <subfield code="f">c.25</subfield>
    <subfield code="i">14512</subfield>
    <subfield code="m">D</subfield>
    <subfield code="s">i</subfield>
  </datafield>
  <datafield tag="949" ind1=" " ind2=" ">
    <subfield code="a">637 L6</subfield>
    <subfield code="b">BC</subfield>
    <subfield code="c">BPA</subfield>
    <subfield code="d">-93343</subfield>
    <subfield code="e">BPA</subfield>
    <subfield code="f">c.26</subfield>
    <subfield code="i">14512</subfield>
    <subfield code="m">D</subfield>
    <subfield code="s">i</subfield>
  </datafield>
  <datafield tag="949" ind1=" " ind2=" ">
    <subfield code="a">637 L6</subfield>
    <subfield code="b">BC</subfield>
    <subfield code="c">BPA</subfield>
    <subfield code="d">-93345</subfield>
    <subfield code="e">BPA</subfield>
    <subfield code="f">c.27</subfield>
    <subfield code="i">14512</subfield>
    <subfield code="m">D</subfield>
    <subfield code="s">i</subfield>
  </datafield>
  <datafield tag="949" ind1=" " ind2=" ">
    <subfield code="a">637 L6</subfield>
    <subfield code="b">BC</subfield>
    <subfield code="c">BPA</subfield>
    <subfield code="d">-93346</subfield>
    <subfield code="e">BPA</subfield>
    <subfield code="f">c.28</subfield>
    <subfield code="i">14512</subfield>
    <subfield code="m">D</subfield>
    <subfield code="s">i</subfield>
  </datafield>
  <datafield tag="949" ind1=" " ind2=" ">
    <subfield code="a">637 L6</subfield>
    <subfield code="b">BC</subfield>
    <subfield code="c">BPA</subfield>
    <subfield code="d">-93347</subfield>
    <subfield code="e">BPA</subfield>
    <subfield code="f">c.29</subfield>
    <subfield code="i">14512</subfield>
    <subfield code="m">D</subfield>
    <subfield code="s">i</subfield>
  </datafield>
  <datafield tag="949" ind1=" " ind2=" ">
    <subfield code="a">637 L6</subfield>
    <subfield code="b">BC</subfield>
    <subfield code="c">BPA</subfield>
    <subfield code="d">-93348</subfield>
    <subfield code="e">BPA</subfield>
    <subfield code="f">c.30</subfield>
    <subfield code="i">14512</subfield>
    <subfield code="m">D</subfield>
    <subfield code="s">i</subfield>
  </datafield>
  <datafield tag="949" ind1=" " ind2=" ">
    <subfield code="a">637 L6</subfield>
    <subfield code="b">BC</subfield>
    <subfield code="c">BPA</subfield>
    <subfield code="d">-93349</subfield>
    <subfield code="e">BPA</subfield>
    <subfield code="f">c.31</subfield>
    <subfield code="i">14512</subfield>
    <subfield code="m">D</subfield>
    <subfield code="s">i</subfield>
  </datafield>
  <datafield tag="949" ind1=" " ind2=" ">
    <subfield code="a">637 L6</subfield>
    <subfield code="b">BC</subfield>
    <subfield code="c">BPA</subfield>
    <subfield code="d">-93351</subfield>
    <subfield code="e">BPA</subfield>
    <subfield code="f">c.32</subfield>
    <subfield code="i">14512</subfield>
    <subfield code="m">D</subfield>
    <subfield code="s">i</subfield>
  </datafield>
  <datafield tag="949" ind1=" " ind2=" ">
    <subfield code="a">637 L6</subfield>
    <subfield code="b">BC</subfield>
    <subfield code="c">BPA</subfield>
    <subfield code="d">-93353</subfield>
    <subfield code="e">BPA</subfield>
    <subfield code="f">c.33</subfield>
    <subfield code="i">14512</subfield>
    <subfield code="m">D</subfield>
    <subfield code="s">i</subfield>
  </datafield>
  <datafield tag="949" ind1=" " ind2=" ">
    <subfield code="a">637 L6</subfield>
    <subfield code="b">BC</subfield>
    <subfield code="c">BPA</subfield>
    <subfield code="d">-93356</subfield>
    <subfield code="e">BPA</subfield>
    <subfield code="f">c.34</subfield>
    <subfield code="i">14512</subfield>
    <subfield code="m">D</subfield>
    <subfield code="s">i</subfield>
  </datafield>
  <datafield tag="949" ind1=" " ind2=" ">
    <subfield code="a">637 L6</subfield>
    <subfield code="b">BC</subfield>
    <subfield code="c">BPA</subfield>
    <subfield code="d">-93357</subfield>
    <subfield code="e">BPA</subfield>
    <subfield code="f">c.35</subfield>
    <subfield code="i">14512</subfield>
    <subfield code="m">D</subfield>
    <subfield code="s">i</subfield>
  </datafield>
  <datafield tag="949" ind1=" " ind2=" ">
    <subfield code="a">637 L6</subfield>
    <subfield code="b">BC</subfield>
    <subfield code="c">BPA</subfield>
    <subfield code="d">-93359</subfield>
    <subfield code="e">BPA</subfield>
    <subfield code="f">c.36</subfield>
    <subfield code="i">14512</subfield>
    <subfield code="m">D</subfield>
    <subfield code="s">i</subfield>
  </datafield>
  <datafield tag="949" ind1=" " ind2=" ">
    <subfield code="a">637 L6</subfield>
    <subfield code="b">BC</subfield>
    <subfield code="c">BPA</subfield>
    <subfield code="d">-93362</subfield>
    <subfield code="e">BPA</subfield>
    <subfield code="f">c.37</subfield>
    <subfield code="i">14512</subfield>
    <subfield code="m">D</subfield>
    <subfield code="s">i</subfield>
  </datafield>
  <datafield tag="949" ind1=" " ind2=" ">
    <subfield code="a">637 L6</subfield>
    <subfield code="b">BC</subfield>
    <subfield code="c">BPA</subfield>
    <subfield code="d">-93364</subfield>
    <subfield code="e">BPA</subfield>
    <subfield code="f">c.38</subfield>
    <subfield code="i">14512</subfield>
    <subfield code="m">D</subfield>
    <subfield code="s">i</subfield>
  </datafield>
  <datafield tag="949" ind1=" " ind2=" ">
    <subfield code="a">637 L6</subfield>
    <subfield code="b">BC</subfield>
    <subfield code="c">BPA</subfield>
    <subfield code="d">-93366</subfield>
    <subfield code="e">BPA</subfield>
    <subfield code="f">c.39</subfield>
    <subfield code="i">14512</subfield>
    <subfield code="m">D</subfield>
    <subfield code="s">i</subfield>
  </datafield>
  <datafield tag="949" ind1=" " ind2=" ">
    <subfield code="a">637 L6</subfield>
    <subfield code="b">BC</subfield>
    <subfield code="c">BPA</subfield>
    <subfield code="d">-93369</subfield>
    <subfield code="e">BPA</subfield>
    <subfield code="f">c.40</subfield>
    <subfield code="i">14512</subfield>
    <subfield code="m">D</subfield>
    <subfield code="s">i</subfield>
  </datafield>
  <datafield tag="949" ind1=" " ind2=" ">
    <subfield code="a">637 L6</subfield>
    <subfield code="b">BC</subfield>
    <subfield code="c">BPA</subfield>
    <subfield code="d">-93370</subfield>
    <subfield code="e">BPA</subfield>
    <subfield code="f">c.41</subfield>
    <subfield code="i">14512</subfield>
    <subfield code="m">D</subfield>
    <subfield code="s">i</subfield>
  </datafield>
  <datafield tag="949" ind1=" " ind2=" ">
    <subfield code="a">637 L6</subfield>
    <subfield code="b">BC</subfield>
    <subfield code="c">BPA</subfield>
    <subfield code="d">-93371</subfield>
    <subfield code="e">BPA</subfield>
    <subfield code="f">c.42</subfield>
    <subfield code="i">14512</subfield>
    <subfield code="m">D</subfield>
    <subfield code="s">i</subfield>
  </datafield>
  <datafield tag="949" ind1=" " ind2=" ">
    <subfield code="a">637 L6</subfield>
    <subfield code="b">BC</subfield>
    <subfield code="c">BPA</subfield>
    <subfield code="d">-93372</subfield>
    <subfield code="e">BPA</subfield>
    <subfield code="f">c.43</subfield>
    <subfield code="i">14512</subfield>
    <subfield code="m">D</subfield>
    <subfield code="s">i</subfield>
  </datafield>
  <datafield tag="949" ind1=" " ind2=" ">
    <subfield code="a">637 L6</subfield>
    <subfield code="b">BC</subfield>
    <subfield code="c">BPA</subfield>
    <subfield code="d">-93374</subfield>
    <subfield code="e">BPA</subfield>
    <subfield code="f">c.44</subfield>
    <subfield code="i">14512</subfield>
    <subfield code="m">D</subfield>
    <subfield code="s">i</subfield>
  </datafield>
  <datafield tag="949" ind1=" " ind2=" ">
    <subfield code="a">637 L6</subfield>
    <subfield code="b">BC</subfield>
    <subfield code="c">BPA</subfield>
    <subfield code="d">-93375</subfield>
    <subfield code="e">BPA</subfield>
    <subfield code="f">c.45</subfield>
    <subfield code="i">14512</subfield>
    <subfield code="m">D</subfield>
    <subfield code="s">i</subfield>
  </datafield>
  <datafield tag="949" ind1=" " ind2=" ">
    <subfield code="a">637 L6</subfield>
    <subfield code="b">BC</subfield>
    <subfield code="c">BPA</subfield>
    <subfield code="d">-93377</subfield>
    <subfield code="e">BPA</subfield>
    <subfield code="f">c.46</subfield>
    <subfield code="i">14512</subfield>
    <subfield code="m">D</subfield>
    <subfield code="s">i</subfield>
  </datafield>
  <datafield tag="949" ind1=" " ind2=" ">
    <subfield code="a">637 L6</subfield>
    <subfield code="b">BC</subfield>
    <subfield code="c">BPA</subfield>
    <subfield code="d">-93379</subfield>
    <subfield code="e">BPA</subfield>
    <subfield code="f">c.47</subfield>
    <subfield code="i">14512</subfield>
    <subfield code="m">D</subfield>
    <subfield code="s">i</subfield>
  </datafield>
  <datafield tag="949" ind1=" " ind2=" ">
    <subfield code="a">637 L6</subfield>
    <subfield code="b">BC</subfield>
    <subfield code="c">BPA</subfield>
    <subfield code="d">-93380</subfield>
    <subfield code="e">BPA</subfield>
    <subfield code="f">c.48</subfield>
    <subfield code="i">14512</subfield>
    <subfield code="m">D</subfield>
    <subfield code="s">i</subfield>
  </datafield>
  <datafield tag="949" ind1=" " ind2=" ">
    <subfield code="a">637 L6</subfield>
    <subfield code="b">BC</subfield>
    <subfield code="c">BPA</subfield>
    <subfield code="d">-93381</subfield>
    <subfield code="e">BPA</subfield>
    <subfield code="f">c.49</subfield>
    <subfield code="i">14512</subfield>
    <subfield code="m">D</subfield>
    <subfield code="s">i</subfield>
  </datafield>
  <datafield tag="949" ind1=" " ind2=" ">
    <subfield code="a">637 L6</subfield>
    <subfield code="b">BC</subfield>
    <subfield code="c">BPA</subfield>
    <subfield code="d">-93383</subfield>
    <subfield code="e">BPA</subfield>
    <subfield code="f">c.50</subfield>
    <subfield code="i">14512</subfield>
    <subfield code="m">D</subfield>
    <subfield code="s">i</subfield>
  </datafield>
  <datafield tag="949" ind1=" " ind2=" ">
    <subfield code="a">637 L6</subfield>
    <subfield code="b">BC</subfield>
    <subfield code="c">BPA</subfield>
    <subfield code="d">-93386</subfield>
    <subfield code="e">BPA</subfield>
    <subfield code="f">c.51</subfield>
    <subfield code="i">14512</subfield>
    <subfield code="m">D</subfield>
    <subfield code="s">i</subfield>
  </datafield>
  <datafield tag="949" ind1=" " ind2=" ">
    <subfield code="a">637 L6</subfield>
    <subfield code="b">BC</subfield>
    <subfield code="c">BPA</subfield>
    <subfield code="d">-93388</subfield>
    <subfield code="e">BPA</subfield>
    <subfield code="f">c.52</subfield>
    <subfield code="i">14512</subfield>
    <subfield code="m">D</subfield>
    <subfield code="s">i</subfield>
  </datafield>
  <datafield tag="949" ind1=" " ind2=" ">
    <subfield code="a">637 L6</subfield>
    <subfield code="b">BC</subfield>
    <subfield code="c">BPA</subfield>
    <subfield code="d">-93389</subfield>
    <subfield code="e">BPA</subfield>
    <subfield code="f">c.53</subfield>
    <subfield code="i">14512</subfield>
    <subfield code="m">D</subfield>
    <subfield code="s">i</subfield>
  </datafield>
  <datafield tag="949" ind1=" " ind2=" ">
    <subfield code="a">637 L6</subfield>
    <subfield code="b">BC</subfield>
    <subfield code="c">BPA</subfield>
    <subfield code="d">-93392</subfield>
    <subfield code="e">BPA</subfield>
    <subfield code="f">c.54</subfield>
    <subfield code="i">14512</subfield>
    <subfield code="m">D</subfield>
    <subfield code="s">i</subfield>
  </datafield>
  <datafield tag="949" ind1=" " ind2=" ">
    <subfield code="a">637 L6</subfield>
    <subfield code="b">BC</subfield>
    <subfield code="c">BPA</subfield>
    <subfield code="d">-93394</subfield>
    <subfield code="e">BPA</subfield>
    <subfield code="f">c.55</subfield>
    <subfield code="i">14512</subfield>
    <subfield code="m">D</subfield>
    <subfield code="s">i</subfield>
  </datafield>
  <datafield tag="949" ind1=" " ind2=" ">
    <subfield code="a">637 L6</subfield>
    <subfield code="b">BC</subfield>
    <subfield code="c">BPA</subfield>
    <subfield code="d">-93398</subfield>
    <subfield code="e">BPA</subfield>
    <subfield code="f">c.56</subfield>
    <subfield code="i">14512</subfield>
    <subfield code="m">D</subfield>
    <subfield code="s">i</subfield>
  </datafield>
  <datafield tag="949" ind1=" " ind2=" ">
    <subfield code="a">637 L6</subfield>
    <subfield code="b">BC</subfield>
    <subfield code="c">BPA</subfield>
    <subfield code="d">-93400</subfield>
    <subfield code="e">BPA</subfield>
    <subfield code="f">c.57</subfield>
    <subfield code="i">14512</subfield>
    <subfield code="m">D</subfield>
    <subfield code="s">i</subfield>
  </datafield>
  <datafield tag="949" ind1=" " ind2=" ">
    <subfield code="a">637 L6</subfield>
    <subfield code="b">BC</subfield>
    <subfield code="c">BPA</subfield>
    <subfield code="d">-93402</subfield>
    <subfield code="e">BPA</subfield>
    <subfield code="f">c.58</subfield>
    <subfield code="i">14512</subfield>
    <subfield code="m">D</subfield>
    <subfield code="s">i</subfield>
  </datafield>
  <datafield tag="949" ind1=" " ind2=" ">
    <subfield code="a">637 L6</subfield>
    <subfield code="b">BC</subfield>
    <subfield code="c">LIBRO</subfield>
    <subfield code="d">-93313</subfield>
    <subfield code="e">LIBRO</subfield>
    <subfield code="f">c.5</subfield>
    <subfield code="i">14512</subfield>
    <subfield code="m">D</subfield>
    <subfield code="s">i</subfield>
  </datafield>
  <datafield tag="949" ind1=" " ind2=" ">
    <subfield code="a">637 L6</subfield>
    <subfield code="b">BC</subfield>
    <subfield code="c">LIBRO</subfield>
    <subfield code="d">33724000102976</subfield>
    <subfield code="e">LIBRO</subfield>
    <subfield code="i">14512</subfield>
    <subfield code="m">D</subfield>
    <subfield code="s">i</subfield>
  </datafield>
  <datafield tag="949" ind1=" " ind2=" ">
    <subfield code="a">637 L6</subfield>
    <subfield code="b">BC</subfield>
    <subfield code="c">LIBRO</subfield>
    <subfield code="d">33724000102984</subfield>
    <subfield code="e">LIBRO</subfield>
    <subfield code="f">c.59</subfield>
    <subfield code="i">14512</subfield>
    <subfield code="m">D</subfield>
    <subfield code="s">i</subfield>
  </datafield>
  <datafield tag="949" ind1=" " ind2=" ">
    <subfield code="a">637 L6</subfield>
    <subfield code="b">BC</subfield>
    <subfield code="c">LIBRO</subfield>
    <subfield code="d">33724000102992</subfield>
    <subfield code="e">LIBRO</subfield>
    <subfield code="f">c.9</subfield>
    <subfield code="i">14512</subfield>
    <subfield code="m">D</subfield>
    <subfield code="s">i</subfield>
  </datafield>
  <datafield tag="949" ind1=" " ind2=" ">
    <subfield code="a">637 L6</subfield>
    <subfield code="b">BC</subfield>
    <subfield code="c">LIBRO</subfield>
    <subfield code="d">33724000103008</subfield>
    <subfield code="e">LIBRO</subfield>
    <subfield code="f">c.8</subfield>
    <subfield code="i">14512</subfield>
    <subfield code="m">D</subfield>
    <subfield code="s">i</subfield>
  </datafield>
  <datafield tag="949" ind1=" " ind2=" ">
    <subfield code="a">637 L6</subfield>
    <subfield code="b">BC</subfield>
    <subfield code="c">LIBRO</subfield>
    <subfield code="d">33724000103016</subfield>
    <subfield code="e">LIBRO</subfield>
    <subfield code="f">c.6</subfield>
    <subfield code="i">14512</subfield>
    <subfield code="m">D</subfield>
    <subfield code="s">i</subfield>
  </datafield>
  <datafield tag="949" ind1=" " ind2=" ">
    <subfield code="a">637 L6</subfield>
    <subfield code="b">BC</subfield>
    <subfield code="c">LIBRO</subfield>
    <subfield code="d">33724000103024</subfield>
    <subfield code="e">LIBRO</subfield>
    <subfield code="f">c.4</subfield>
    <subfield code="i">14512</subfield>
    <subfield code="m">D</subfield>
    <subfield code="s">i</subfield>
  </datafield>
  <datafield tag="949" ind1=" " ind2=" ">
    <subfield code="a">637 L6</subfield>
    <subfield code="b">BC</subfield>
    <subfield code="c">LIBRO</subfield>
    <subfield code="d">33724000103032</subfield>
    <subfield code="e">LIBRO</subfield>
    <subfield code="f">c.7</subfield>
    <subfield code="i">14512</subfield>
    <subfield code="m">D</subfield>
    <subfield code="s">i</subfield>
  </datafield>
  <datafield tag="949" ind1=" " ind2=" ">
    <subfield code="a">637 L6</subfield>
    <subfield code="b">BC</subfield>
    <subfield code="c">LIBRO</subfield>
    <subfield code="d">33724000103040</subfield>
    <subfield code="e">LIBRO</subfield>
    <subfield code="f">c.3</subfield>
    <subfield code="i">14512</subfield>
    <subfield code="m">D</subfield>
    <subfield code="s">i</subfield>
  </datafield>
  <datafield tag="949" ind1=" " ind2=" ">
    <subfield code="a">637 L6</subfield>
    <subfield code="b">BC</subfield>
    <subfield code="c">LIBRO</subfield>
    <subfield code="d">33724000103057</subfield>
    <subfield code="e">LIBRO</subfield>
    <subfield code="f">c.2</subfield>
    <subfield code="i">14512</subfield>
    <subfield code="m">D</subfield>
    <subfield code="s">i</subfield>
  </datafield>
  <datafield tag="949" ind1=" " ind2=" ">
    <subfield code="a">637 L6</subfield>
    <subfield code="b">BC</subfield>
    <subfield code="c">LIBRO</subfield>
    <subfield code="d">33724000924387</subfield>
    <subfield code="e">LIBRO</subfield>
    <subfield code="f">c.10</subfield>
    <subfield code="i">14512</subfield>
    <subfield code="m">D</subfield>
    <subfield code="s">i</subfield>
  </datafield>
  <datafield tag="949" ind1=" " ind2=" ">
    <subfield code="a">637 L6</subfield>
    <subfield code="b">BC</subfield>
    <subfield code="c">UACH</subfield>
    <subfield code="d">-93407</subfield>
    <subfield code="e">UACH</subfield>
    <subfield code="f">c.60</subfield>
    <subfield code="i">14512</subfield>
    <subfield code="m">D</subfield>
    <subfield code="s">i</subfield>
  </datafield>
  <datafield tag="949" ind1=" " ind2=" ">
    <subfield code="a">637 L66</subfield>
    <subfield code="b">Z</subfield>
    <subfield code="c">LIBRO</subfield>
    <subfield code="d">-26660</subfield>
    <subfield code="e">LIBRO</subfield>
    <subfield code="h">282</subfield>
    <subfield code="i">14512</subfield>
    <subfield code="s">i</subfield>
  </datafield>
  <datafield tag="999" ind1=" " ind2=" ">
    <subfield code="c">11248</subfield>
    <subfield code="d">11248</subfield>
  </datafield>
  <datafield tag="952" ind1=" " ind2=" ">
    <subfield code="0">0</subfield>
    <subfield code="1">0</subfield>
    <subfield code="2">ddc</subfield>
    <subfield code="4">0</subfield>
    <subfield code="5">2</subfield>
    <subfield code="7">0</subfield>
    <subfield code="8">GRAL</subfield>
    <subfield code="a">BC</subfield>
    <subfield code="b">BC</subfield>
    <subfield code="c">PP_GRAL</subfield>
    <subfield code="d">2012-12-17</subfield>
    <subfield code="f">LIBRO</subfield>
    <subfield code="l">0</subfield>
    <subfield code="o">637 L6</subfield>
    <subfield code="p">-93313</subfield>
    <subfield code="r">2019-12-31 00:00:00</subfield>
    <subfield code="t">c.5</subfield>
    <subfield code="w">2019-12-31</subfield>
    <subfield code="y">LIBRO</subfield>
  </datafield>
  <datafield tag="952" ind1=" " ind2=" ">
    <subfield code="0">0</subfield>
    <subfield code="1">0</subfield>
    <subfield code="2">ddc</subfield>
    <subfield code="4">0</subfield>
    <subfield code="5">2</subfield>
    <subfield code="7">0</subfield>
    <subfield code="8">GRAL</subfield>
    <subfield code="a">BC</subfield>
    <subfield code="b">BC</subfield>
    <subfield code="c">PP_GRAL</subfield>
    <subfield code="d">2012-12-17</subfield>
    <subfield code="f">LIBRO</subfield>
    <subfield code="l">0</subfield>
    <subfield code="o">637 L6</subfield>
    <subfield code="p">33724000102976</subfield>
    <subfield code="r">2019-12-31 00:00:00</subfield>
    <subfield code="w">2019-12-31</subfield>
    <subfield code="y">LIBRO</subfield>
  </datafield>
  <datafield tag="952" ind1=" " ind2=" ">
    <subfield code="0">0</subfield>
    <subfield code="1">0</subfield>
    <subfield code="2">ddc</subfield>
    <subfield code="4">0</subfield>
    <subfield code="5">2</subfield>
    <subfield code="7">0</subfield>
    <subfield code="8">GRAL</subfield>
    <subfield code="a">BC</subfield>
    <subfield code="b">BC</subfield>
    <subfield code="c">PP_GRAL</subfield>
    <subfield code="d">2012-12-17</subfield>
    <subfield code="f">LIBRO</subfield>
    <subfield code="l">0</subfield>
    <subfield code="o">637 L6</subfield>
    <subfield code="p">33724000102984</subfield>
    <subfield code="r">2019-12-31 00:00:00</subfield>
    <subfield code="t">c.59</subfield>
    <subfield code="w">2019-12-31</subfield>
    <subfield code="y">LIBRO</subfield>
  </datafield>
  <datafield tag="952" ind1=" " ind2=" ">
    <subfield code="0">0</subfield>
    <subfield code="1">0</subfield>
    <subfield code="2">ddc</subfield>
    <subfield code="4">0</subfield>
    <subfield code="5">2</subfield>
    <subfield code="7">0</subfield>
    <subfield code="8">GRAL</subfield>
    <subfield code="a">BC</subfield>
    <subfield code="b">BC</subfield>
    <subfield code="c">PP_GRAL</subfield>
    <subfield code="d">2012-12-17</subfield>
    <subfield code="f">LIBRO</subfield>
    <subfield code="l">0</subfield>
    <subfield code="o">637 L6</subfield>
    <subfield code="p">33724000102992</subfield>
    <subfield code="r">2019-12-31 00:00:00</subfield>
    <subfield code="t">c.9</subfield>
    <subfield code="w">2019-12-31</subfield>
    <subfield code="y">LIBRO</subfield>
  </datafield>
  <datafield tag="952" ind1=" " ind2=" ">
    <subfield code="0">0</subfield>
    <subfield code="1">0</subfield>
    <subfield code="2">ddc</subfield>
    <subfield code="4">0</subfield>
    <subfield code="5">2</subfield>
    <subfield code="7">0</subfield>
    <subfield code="8">GRAL</subfield>
    <subfield code="a">BC</subfield>
    <subfield code="b">BC</subfield>
    <subfield code="c">PP_GRAL</subfield>
    <subfield code="d">2012-12-17</subfield>
    <subfield code="f">LIBRO</subfield>
    <subfield code="l">0</subfield>
    <subfield code="o">637 L6</subfield>
    <subfield code="p">33724000103008</subfield>
    <subfield code="r">2019-12-31 00:00:00</subfield>
    <subfield code="t">c.8</subfield>
    <subfield code="w">2019-12-31</subfield>
    <subfield code="y">LIBRO</subfield>
  </datafield>
  <datafield tag="952" ind1=" " ind2=" ">
    <subfield code="0">0</subfield>
    <subfield code="1">0</subfield>
    <subfield code="2">ddc</subfield>
    <subfield code="4">0</subfield>
    <subfield code="5">2</subfield>
    <subfield code="7">0</subfield>
    <subfield code="8">GRAL</subfield>
    <subfield code="a">BC</subfield>
    <subfield code="b">BC</subfield>
    <subfield code="c">PP_GRAL</subfield>
    <subfield code="d">2012-12-17</subfield>
    <subfield code="f">LIBRO</subfield>
    <subfield code="l">0</subfield>
    <subfield code="o">637 L6</subfield>
    <subfield code="p">33724000103016</subfield>
    <subfield code="r">2019-12-31 00:00:00</subfield>
    <subfield code="t">c.6</subfield>
    <subfield code="w">2019-12-31</subfield>
    <subfield code="y">LIBRO</subfield>
  </datafield>
  <datafield tag="952" ind1=" " ind2=" ">
    <subfield code="0">0</subfield>
    <subfield code="1">0</subfield>
    <subfield code="2">ddc</subfield>
    <subfield code="4">0</subfield>
    <subfield code="5">2</subfield>
    <subfield code="7">0</subfield>
    <subfield code="8">GRAL</subfield>
    <subfield code="a">BC</subfield>
    <subfield code="b">BC</subfield>
    <subfield code="c">PP_GRAL</subfield>
    <subfield code="d">2012-12-17</subfield>
    <subfield code="f">LIBRO</subfield>
    <subfield code="l">0</subfield>
    <subfield code="o">637 L6</subfield>
    <subfield code="p">33724000103024</subfield>
    <subfield code="r">2019-12-31 00:00:00</subfield>
    <subfield code="t">c.4</subfield>
    <subfield code="w">2019-12-31</subfield>
    <subfield code="y">LIBRO</subfield>
  </datafield>
  <datafield tag="952" ind1=" " ind2=" ">
    <subfield code="0">0</subfield>
    <subfield code="1">0</subfield>
    <subfield code="2">ddc</subfield>
    <subfield code="4">0</subfield>
    <subfield code="5">2</subfield>
    <subfield code="7">0</subfield>
    <subfield code="8">GRAL</subfield>
    <subfield code="a">BC</subfield>
    <subfield code="b">BC</subfield>
    <subfield code="c">PP_GRAL</subfield>
    <subfield code="d">2012-12-17</subfield>
    <subfield code="f">LIBRO</subfield>
    <subfield code="l">0</subfield>
    <subfield code="o">637 L6</subfield>
    <subfield code="p">33724000103032</subfield>
    <subfield code="r">2019-12-31 00:00:00</subfield>
    <subfield code="t">c.7</subfield>
    <subfield code="w">2019-12-31</subfield>
    <subfield code="y">LIBRO</subfield>
  </datafield>
  <datafield tag="952" ind1=" " ind2=" ">
    <subfield code="0">0</subfield>
    <subfield code="1">0</subfield>
    <subfield code="2">ddc</subfield>
    <subfield code="4">0</subfield>
    <subfield code="5">2</subfield>
    <subfield code="7">0</subfield>
    <subfield code="8">GRAL</subfield>
    <subfield code="a">BC</subfield>
    <subfield code="b">BC</subfield>
    <subfield code="c">PP_GRAL</subfield>
    <subfield code="d">2012-12-17</subfield>
    <subfield code="f">LIBRO</subfield>
    <subfield code="l">0</subfield>
    <subfield code="o">637 L6</subfield>
    <subfield code="p">33724000103040</subfield>
    <subfield code="r">2019-12-31 00:00:00</subfield>
    <subfield code="t">c.3</subfield>
    <subfield code="w">2019-12-31</subfield>
    <subfield code="y">LIBRO</subfield>
  </datafield>
  <datafield tag="952" ind1=" " ind2=" ">
    <subfield code="0">0</subfield>
    <subfield code="1">0</subfield>
    <subfield code="2">ddc</subfield>
    <subfield code="4">0</subfield>
    <subfield code="5">2</subfield>
    <subfield code="7">0</subfield>
    <subfield code="8">GRAL</subfield>
    <subfield code="a">BC</subfield>
    <subfield code="b">BC</subfield>
    <subfield code="c">PP_GRAL</subfield>
    <subfield code="d">2012-12-17</subfield>
    <subfield code="f">LIBRO</subfield>
    <subfield code="l">0</subfield>
    <subfield code="o">637 L6</subfield>
    <subfield code="p">33724000103057</subfield>
    <subfield code="r">2019-12-31 00:00:00</subfield>
    <subfield code="t">c.2</subfield>
    <subfield code="w">2019-12-31</subfield>
    <subfield code="y">LIBRO</subfield>
  </datafield>
  <datafield tag="952" ind1=" " ind2=" ">
    <subfield code="0">0</subfield>
    <subfield code="1">0</subfield>
    <subfield code="2">ddc</subfield>
    <subfield code="4">0</subfield>
    <subfield code="5">2</subfield>
    <subfield code="7">0</subfield>
    <subfield code="8">GRAL</subfield>
    <subfield code="a">BC</subfield>
    <subfield code="b">BC</subfield>
    <subfield code="c">PP_GRAL</subfield>
    <subfield code="d">2012-12-17</subfield>
    <subfield code="f">LIBRO</subfield>
    <subfield code="l">0</subfield>
    <subfield code="o">637 L6</subfield>
    <subfield code="p">33724000924387</subfield>
    <subfield code="r">2019-12-31 00:00:00</subfield>
    <subfield code="t">c.10</subfield>
    <subfield code="w">2019-12-31</subfield>
    <subfield code="y">LIBRO</subfield>
  </datafield>
  <datafield tag="952" ind1=" " ind2=" ">
    <subfield code="0">1</subfield>
    <subfield code="1">0</subfield>
    <subfield code="4">0</subfield>
    <subfield code="5">4</subfield>
    <subfield code="7">1</subfield>
    <subfield code="8">MD</subfield>
    <subfield code="a">BC</subfield>
    <subfield code="b">BC</subfield>
    <subfield code="d">2012-12-17</subfield>
    <subfield code="f">LIBRO</subfield>
    <subfield code="l">0</subfield>
    <subfield code="o">637 L6</subfield>
    <subfield code="p">-93322</subfield>
    <subfield code="r">2019-12-31 00:00:00</subfield>
    <subfield code="t">c.11</subfield>
    <subfield code="w">2019-12-31</subfield>
    <subfield code="y">LIBRO</subfield>
    <subfield code="z">Recien adquirido</subfield>
  </datafield>
  <datafield tag="952" ind1=" " ind2=" ">
    <subfield code="0">1</subfield>
    <subfield code="1">0</subfield>
    <subfield code="4">0</subfield>
    <subfield code="5">4</subfield>
    <subfield code="7">1</subfield>
    <subfield code="8">MD</subfield>
    <subfield code="a">BC</subfield>
    <subfield code="b">BC</subfield>
    <subfield code="d">2012-12-17</subfield>
    <subfield code="f">LIBRO</subfield>
    <subfield code="l">0</subfield>
    <subfield code="o">637 L6</subfield>
    <subfield code="p">-93324</subfield>
    <subfield code="r">2019-12-31 00:00:00</subfield>
    <subfield code="t">c.12</subfield>
    <subfield code="w">2019-12-31</subfield>
    <subfield code="y">LIBRO</subfield>
    <subfield code="z">Recien adquirido</subfield>
  </datafield>
  <datafield tag="952" ind1=" " ind2=" ">
    <subfield code="0">1</subfield>
    <subfield code="1">0</subfield>
    <subfield code="4">0</subfield>
    <subfield code="5">4</subfield>
    <subfield code="7">1</subfield>
    <subfield code="8">MD</subfield>
    <subfield code="a">BC</subfield>
    <subfield code="b">BC</subfield>
    <subfield code="d">2012-12-17</subfield>
    <subfield code="f">LIBRO</subfield>
    <subfield code="l">0</subfield>
    <subfield code="o">637 L6</subfield>
    <subfield code="p">-93325</subfield>
    <subfield code="r">2019-12-31 00:00:00</subfield>
    <subfield code="t">c.13</subfield>
    <subfield code="w">2019-12-31</subfield>
    <subfield code="y">LIBRO</subfield>
    <subfield code="z">Recien adquirido</subfield>
  </datafield>
  <datafield tag="952" ind1=" " ind2=" ">
    <subfield code="0">1</subfield>
    <subfield code="1">0</subfield>
    <subfield code="4">0</subfield>
    <subfield code="5">4</subfield>
    <subfield code="7">1</subfield>
    <subfield code="8">MD</subfield>
    <subfield code="a">BC</subfield>
    <subfield code="b">BC</subfield>
    <subfield code="d">2012-12-17</subfield>
    <subfield code="f">LIBRO</subfield>
    <subfield code="l">0</subfield>
    <subfield code="o">637 L6</subfield>
    <subfield code="p">-93326</subfield>
    <subfield code="r">2019-12-31 00:00:00</subfield>
    <subfield code="t">c.14</subfield>
    <subfield code="w">2019-12-31</subfield>
    <subfield code="y">LIBRO</subfield>
    <subfield code="z">Recien adquirido</subfield>
  </datafield>
  <datafield tag="952" ind1=" " ind2=" ">
    <subfield code="0">1</subfield>
    <subfield code="1">0</subfield>
    <subfield code="4">0</subfield>
    <subfield code="5">4</subfield>
    <subfield code="7">1</subfield>
    <subfield code="8">MD</subfield>
    <subfield code="a">BC</subfield>
    <subfield code="b">BC</subfield>
    <subfield code="d">2012-12-17</subfield>
    <subfield code="f">LIBRO</subfield>
    <subfield code="l">0</subfield>
    <subfield code="o">637 L6</subfield>
    <subfield code="p">-93328</subfield>
    <subfield code="r">2019-12-31 00:00:00</subfield>
    <subfield code="t">c.15</subfield>
    <subfield code="w">2019-12-31</subfield>
    <subfield code="y">LIBRO</subfield>
    <subfield code="z">Recien adquirido</subfield>
  </datafield>
  <datafield tag="952" ind1=" " ind2=" ">
    <subfield code="0">1</subfield>
    <subfield code="1">0</subfield>
    <subfield code="4">0</subfield>
    <subfield code="5">4</subfield>
    <subfield code="7">1</subfield>
    <subfield code="8">MD</subfield>
    <subfield code="a">BC</subfield>
    <subfield code="b">BC</subfield>
    <subfield code="d">2012-12-17</subfield>
    <subfield code="f">LIBRO</subfield>
    <subfield code="l">0</subfield>
    <subfield code="o">637 L6</subfield>
    <subfield code="p">-93331</subfield>
    <subfield code="r">2019-12-31 00:00:00</subfield>
    <subfield code="t">c.16</subfield>
    <subfield code="w">2019-12-31</subfield>
    <subfield code="y">LIBRO</subfield>
    <subfield code="z">Recien adquirido</subfield>
  </datafield>
  <datafield tag="952" ind1=" " ind2=" ">
    <subfield code="0">1</subfield>
    <subfield code="1">0</subfield>
    <subfield code="4">0</subfield>
    <subfield code="5">4</subfield>
    <subfield code="7">1</subfield>
    <subfield code="8">MD</subfield>
    <subfield code="a">BC</subfield>
    <subfield code="b">BC</subfield>
    <subfield code="d">2012-12-17</subfield>
    <subfield code="f">LIBRO</subfield>
    <subfield code="l">0</subfield>
    <subfield code="o">637 L6</subfield>
    <subfield code="p">-93332</subfield>
    <subfield code="r">2019-12-31 00:00:00</subfield>
    <subfield code="t">c.17</subfield>
    <subfield code="w">2019-12-31</subfield>
    <subfield code="y">LIBRO</subfield>
    <subfield code="z">Recien adquirido</subfield>
  </datafield>
  <datafield tag="952" ind1=" " ind2=" ">
    <subfield code="0">1</subfield>
    <subfield code="1">0</subfield>
    <subfield code="4">0</subfield>
    <subfield code="5">4</subfield>
    <subfield code="7">1</subfield>
    <subfield code="8">MD</subfield>
    <subfield code="a">BC</subfield>
    <subfield code="b">BC</subfield>
    <subfield code="d">2012-12-17</subfield>
    <subfield code="f">LIBRO</subfield>
    <subfield code="l">0</subfield>
    <subfield code="o">637 L6</subfield>
    <subfield code="p">-93333</subfield>
    <subfield code="r">2019-12-31 00:00:00</subfield>
    <subfield code="t">c.18</subfield>
    <subfield code="w">2019-12-31</subfield>
    <subfield code="y">LIBRO</subfield>
    <subfield code="z">Recien adquirido</subfield>
  </datafield>
  <datafield tag="952" ind1=" " ind2=" ">
    <subfield code="0">1</subfield>
    <subfield code="1">0</subfield>
    <subfield code="4">0</subfield>
    <subfield code="5">4</subfield>
    <subfield code="7">1</subfield>
    <subfield code="8">MD</subfield>
    <subfield code="a">BC</subfield>
    <subfield code="b">BC</subfield>
    <subfield code="d">2012-12-17</subfield>
    <subfield code="f">LIBRO</subfield>
    <subfield code="l">0</subfield>
    <subfield code="o">637 L6</subfield>
    <subfield code="p">-93334</subfield>
    <subfield code="r">2019-12-31 00:00:00</subfield>
    <subfield code="t">c.19</subfield>
    <subfield code="w">2019-12-31</subfield>
    <subfield code="y">LIBRO</subfield>
    <subfield code="z">Recien adquirido</subfield>
  </datafield>
  <datafield tag="952" ind1=" " ind2=" ">
    <subfield code="0">1</subfield>
    <subfield code="1">0</subfield>
    <subfield code="4">0</subfield>
    <subfield code="5">4</subfield>
    <subfield code="7">1</subfield>
    <subfield code="8">MD</subfield>
    <subfield code="a">BC</subfield>
    <subfield code="b">BC</subfield>
    <subfield code="d">2012-12-17</subfield>
    <subfield code="f">LIBRO</subfield>
    <subfield code="l">0</subfield>
    <subfield code="o">637 L6</subfield>
    <subfield code="p">-93335</subfield>
    <subfield code="r">2019-12-31 00:00:00</subfield>
    <subfield code="t">c.20</subfield>
    <subfield code="w">2019-12-31</subfield>
    <subfield code="y">LIBRO</subfield>
    <subfield code="z">Recien adquirido</subfield>
  </datafield>
  <datafield tag="952" ind1=" " ind2=" ">
    <subfield code="0">1</subfield>
    <subfield code="1">0</subfield>
    <subfield code="4">0</subfield>
    <subfield code="5">4</subfield>
    <subfield code="7">1</subfield>
    <subfield code="8">MD</subfield>
    <subfield code="a">BC</subfield>
    <subfield code="b">BC</subfield>
    <subfield code="d">2012-12-17</subfield>
    <subfield code="f">LIBRO</subfield>
    <subfield code="l">0</subfield>
    <subfield code="o">637 L6</subfield>
    <subfield code="p">-93336</subfield>
    <subfield code="r">2019-12-31 00:00:00</subfield>
    <subfield code="t">c.21</subfield>
    <subfield code="w">2019-12-31</subfield>
    <subfield code="y">LIBRO</subfield>
    <subfield code="z">Recien adquirido</subfield>
  </datafield>
  <datafield tag="952" ind1=" " ind2=" ">
    <subfield code="0">1</subfield>
    <subfield code="1">0</subfield>
    <subfield code="4">0</subfield>
    <subfield code="5">4</subfield>
    <subfield code="7">1</subfield>
    <subfield code="8">MD</subfield>
    <subfield code="a">BC</subfield>
    <subfield code="b">BC</subfield>
    <subfield code="d">2012-12-17</subfield>
    <subfield code="f">LIBRO</subfield>
    <subfield code="l">0</subfield>
    <subfield code="o">637 L6</subfield>
    <subfield code="p">-93337</subfield>
    <subfield code="r">2019-12-31 00:00:00</subfield>
    <subfield code="t">c.22</subfield>
    <subfield code="w">2019-12-31</subfield>
    <subfield code="y">LIBRO</subfield>
    <subfield code="z">Recien adquirido</subfield>
  </datafield>
  <datafield tag="952" ind1=" " ind2=" ">
    <subfield code="0">1</subfield>
    <subfield code="1">0</subfield>
    <subfield code="4">0</subfield>
    <subfield code="5">4</subfield>
    <subfield code="7">1</subfield>
    <subfield code="8">MD</subfield>
    <subfield code="a">BC</subfield>
    <subfield code="b">BC</subfield>
    <subfield code="d">2012-12-17</subfield>
    <subfield code="f">LIBRO</subfield>
    <subfield code="l">0</subfield>
    <subfield code="o">637 L6</subfield>
    <subfield code="p">-93340</subfield>
    <subfield code="r">2019-12-31 00:00:00</subfield>
    <subfield code="t">c.23</subfield>
    <subfield code="w">2019-12-31</subfield>
    <subfield code="y">LIBRO</subfield>
    <subfield code="z">Recien adquirido</subfield>
  </datafield>
  <datafield tag="952" ind1=" " ind2=" ">
    <subfield code="0">1</subfield>
    <subfield code="1">0</subfield>
    <subfield code="4">0</subfield>
    <subfield code="5">4</subfield>
    <subfield code="7">1</subfield>
    <subfield code="8">MD</subfield>
    <subfield code="a">BC</subfield>
    <subfield code="b">BC</subfield>
    <subfield code="d">2012-12-17</subfield>
    <subfield code="f">LIBRO</subfield>
    <subfield code="l">0</subfield>
    <subfield code="o">637 L6</subfield>
    <subfield code="p">-93341</subfield>
    <subfield code="r">2019-12-31 00:00:00</subfield>
    <subfield code="t">c.24</subfield>
    <subfield code="w">2019-12-31</subfield>
    <subfield code="y">LIBRO</subfield>
    <subfield code="z">Recien adquirido</subfield>
  </datafield>
  <datafield tag="952" ind1=" " ind2=" ">
    <subfield code="0">1</subfield>
    <subfield code="1">0</subfield>
    <subfield code="4">0</subfield>
    <subfield code="5">4</subfield>
    <subfield code="7">1</subfield>
    <subfield code="8">MD</subfield>
    <subfield code="a">BC</subfield>
    <subfield code="b">BC</subfield>
    <subfield code="d">2012-12-17</subfield>
    <subfield code="f">LIBRO</subfield>
    <subfield code="l">0</subfield>
    <subfield code="o">637 L6</subfield>
    <subfield code="p">-93342</subfield>
    <subfield code="r">2019-12-31 00:00:00</subfield>
    <subfield code="t">c.25</subfield>
    <subfield code="w">2019-12-31</subfield>
    <subfield code="y">LIBRO</subfield>
    <subfield code="z">Recien adquirido</subfield>
  </datafield>
  <datafield tag="952" ind1=" " ind2=" ">
    <subfield code="0">1</subfield>
    <subfield code="1">0</subfield>
    <subfield code="4">0</subfield>
    <subfield code="5">4</subfield>
    <subfield code="7">1</subfield>
    <subfield code="8">MD</subfield>
    <subfield code="a">BC</subfield>
    <subfield code="b">BC</subfield>
    <subfield code="d">2012-12-17</subfield>
    <subfield code="f">LIBRO</subfield>
    <subfield code="l">0</subfield>
    <subfield code="o">637 L6</subfield>
    <subfield code="p">-93343</subfield>
    <subfield code="r">2019-12-31 00:00:00</subfield>
    <subfield code="t">c.26</subfield>
    <subfield code="w">2019-12-31</subfield>
    <subfield code="y">LIBRO</subfield>
    <subfield code="z">Recien adquirido</subfield>
  </datafield>
  <datafield tag="952" ind1=" " ind2=" ">
    <subfield code="0">1</subfield>
    <subfield code="1">0</subfield>
    <subfield code="4">0</subfield>
    <subfield code="5">4</subfield>
    <subfield code="7">1</subfield>
    <subfield code="8">MD</subfield>
    <subfield code="a">BC</subfield>
    <subfield code="b">BC</subfield>
    <subfield code="d">2012-12-17</subfield>
    <subfield code="f">LIBRO</subfield>
    <subfield code="l">0</subfield>
    <subfield code="o">637 L6</subfield>
    <subfield code="p">-93345</subfield>
    <subfield code="r">2019-12-31 00:00:00</subfield>
    <subfield code="t">c.27</subfield>
    <subfield code="w">2019-12-31</subfield>
    <subfield code="y">LIBRO</subfield>
    <subfield code="z">Recien adquirido</subfield>
  </datafield>
  <datafield tag="952" ind1=" " ind2=" ">
    <subfield code="0">1</subfield>
    <subfield code="1">0</subfield>
    <subfield code="4">0</subfield>
    <subfield code="5">4</subfield>
    <subfield code="7">1</subfield>
    <subfield code="8">MD</subfield>
    <subfield code="a">BC</subfield>
    <subfield code="b">BC</subfield>
    <subfield code="d">2012-12-17</subfield>
    <subfield code="f">LIBRO</subfield>
    <subfield code="l">0</subfield>
    <subfield code="o">637 L6</subfield>
    <subfield code="p">-93346</subfield>
    <subfield code="r">2019-12-31 00:00:00</subfield>
    <subfield code="t">c.28</subfield>
    <subfield code="w">2019-12-31</subfield>
    <subfield code="y">LIBRO</subfield>
    <subfield code="z">Recien adquirido</subfield>
  </datafield>
  <datafield tag="952" ind1=" " ind2=" ">
    <subfield code="0">1</subfield>
    <subfield code="1">0</subfield>
    <subfield code="4">0</subfield>
    <subfield code="5">4</subfield>
    <subfield code="7">1</subfield>
    <subfield code="8">MD</subfield>
    <subfield code="a">BC</subfield>
    <subfield code="b">BC</subfield>
    <subfield code="d">2012-12-17</subfield>
    <subfield code="f">LIBRO</subfield>
    <subfield code="l">0</subfield>
    <subfield code="o">637 L6</subfield>
    <subfield code="p">-93347</subfield>
    <subfield code="r">2019-12-31 00:00:00</subfield>
    <subfield code="t">c.29</subfield>
    <subfield code="w">2019-12-31</subfield>
    <subfield code="y">LIBRO</subfield>
    <subfield code="z">Recien adquirido</subfield>
  </datafield>
  <datafield tag="952" ind1=" " ind2=" ">
    <subfield code="0">1</subfield>
    <subfield code="1">0</subfield>
    <subfield code="4">0</subfield>
    <subfield code="5">4</subfield>
    <subfield code="7">1</subfield>
    <subfield code="8">MD</subfield>
    <subfield code="a">BC</subfield>
    <subfield code="b">BC</subfield>
    <subfield code="d">2012-12-17</subfield>
    <subfield code="f">LIBRO</subfield>
    <subfield code="l">0</subfield>
    <subfield code="o">637 L6</subfield>
    <subfield code="p">-93348</subfield>
    <subfield code="r">2019-12-31 00:00:00</subfield>
    <subfield code="t">c.30</subfield>
    <subfield code="w">2019-12-31</subfield>
    <subfield code="y">LIBRO</subfield>
    <subfield code="z">Recien adquirido</subfield>
  </datafield>
  <datafield tag="952" ind1=" " ind2=" ">
    <subfield code="0">1</subfield>
    <subfield code="1">0</subfield>
    <subfield code="4">0</subfield>
    <subfield code="5">4</subfield>
    <subfield code="7">1</subfield>
    <subfield code="8">MD</subfield>
    <subfield code="a">BC</subfield>
    <subfield code="b">BC</subfield>
    <subfield code="d">2012-12-17</subfield>
    <subfield code="f">LIBRO</subfield>
    <subfield code="l">0</subfield>
    <subfield code="o">637 L6</subfield>
    <subfield code="p">-93349</subfield>
    <subfield code="r">2019-12-31 00:00:00</subfield>
    <subfield code="t">c.31</subfield>
    <subfield code="w">2019-12-31</subfield>
    <subfield code="y">LIBRO</subfield>
    <subfield code="z">Recien adquirido</subfield>
  </datafield>
  <datafield tag="952" ind1=" " ind2=" ">
    <subfield code="0">1</subfield>
    <subfield code="1">0</subfield>
    <subfield code="4">0</subfield>
    <subfield code="5">4</subfield>
    <subfield code="7">1</subfield>
    <subfield code="8">MD</subfield>
    <subfield code="a">BC</subfield>
    <subfield code="b">BC</subfield>
    <subfield code="d">2012-12-17</subfield>
    <subfield code="f">LIBRO</subfield>
    <subfield code="l">0</subfield>
    <subfield code="o">637 L6</subfield>
    <subfield code="p">-93351</subfield>
    <subfield code="r">2019-12-31 00:00:00</subfield>
    <subfield code="t">c.32</subfield>
    <subfield code="w">2019-12-31</subfield>
    <subfield code="y">LIBRO</subfield>
    <subfield code="z">Recien adquirido</subfield>
  </datafield>
  <datafield tag="952" ind1=" " ind2=" ">
    <subfield code="0">1</subfield>
    <subfield code="1">0</subfield>
    <subfield code="4">0</subfield>
    <subfield code="5">4</subfield>
    <subfield code="7">1</subfield>
    <subfield code="8">MD</subfield>
    <subfield code="a">BC</subfield>
    <subfield code="b">BC</subfield>
    <subfield code="d">2012-12-17</subfield>
    <subfield code="f">LIBRO</subfield>
    <subfield code="l">0</subfield>
    <subfield code="o">637 L6</subfield>
    <subfield code="p">-93353</subfield>
    <subfield code="r">2019-12-31 00:00:00</subfield>
    <subfield code="t">c.33</subfield>
    <subfield code="w">2019-12-31</subfield>
    <subfield code="y">LIBRO</subfield>
    <subfield code="z">Recien adquirido</subfield>
  </datafield>
  <datafield tag="952" ind1=" " ind2=" ">
    <subfield code="0">1</subfield>
    <subfield code="1">0</subfield>
    <subfield code="4">0</subfield>
    <subfield code="5">4</subfield>
    <subfield code="7">1</subfield>
    <subfield code="8">MD</subfield>
    <subfield code="a">BC</subfield>
    <subfield code="b">BC</subfield>
    <subfield code="d">2012-12-17</subfield>
    <subfield code="f">LIBRO</subfield>
    <subfield code="l">0</subfield>
    <subfield code="o">637 L6</subfield>
    <subfield code="p">-93356</subfield>
    <subfield code="r">2019-12-31 00:00:00</subfield>
    <subfield code="t">c.34</subfield>
    <subfield code="w">2019-12-31</subfield>
    <subfield code="y">LIBRO</subfield>
    <subfield code="z">Recien adquirido</subfield>
  </datafield>
  <datafield tag="952" ind1=" " ind2=" ">
    <subfield code="0">1</subfield>
    <subfield code="1">0</subfield>
    <subfield code="4">0</subfield>
    <subfield code="5">4</subfield>
    <subfield code="7">1</subfield>
    <subfield code="8">MD</subfield>
    <subfield code="a">BC</subfield>
    <subfield code="b">BC</subfield>
    <subfield code="d">2012-12-17</subfield>
    <subfield code="f">LIBRO</subfield>
    <subfield code="l">0</subfield>
    <subfield code="o">637 L6</subfield>
    <subfield code="p">-93357</subfield>
    <subfield code="r">2019-12-31 00:00:00</subfield>
    <subfield code="t">c.35</subfield>
    <subfield code="w">2019-12-31</subfield>
    <subfield code="y">LIBRO</subfield>
    <subfield code="z">Recien adquirido</subfield>
  </datafield>
  <datafield tag="952" ind1=" " ind2=" ">
    <subfield code="0">1</subfield>
    <subfield code="1">0</subfield>
    <subfield code="4">0</subfield>
    <subfield code="5">4</subfield>
    <subfield code="7">1</subfield>
    <subfield code="8">MD</subfield>
    <subfield code="a">BC</subfield>
    <subfield code="b">BC</subfield>
    <subfield code="d">2012-12-17</subfield>
    <subfield code="f">LIBRO</subfield>
    <subfield code="l">0</subfield>
    <subfield code="o">637 L6</subfield>
    <subfield code="p">-93359</subfield>
    <subfield code="r">2019-12-31 00:00:00</subfield>
    <subfield code="t">c.36</subfield>
    <subfield code="w">2019-12-31</subfield>
    <subfield code="y">LIBRO</subfield>
    <subfield code="z">Recien adquirido</subfield>
  </datafield>
  <datafield tag="952" ind1=" " ind2=" ">
    <subfield code="0">1</subfield>
    <subfield code="1">0</subfield>
    <subfield code="4">0</subfield>
    <subfield code="5">4</subfield>
    <subfield code="7">1</subfield>
    <subfield code="8">MD</subfield>
    <subfield code="a">BC</subfield>
    <subfield code="b">BC</subfield>
    <subfield code="d">2012-12-17</subfield>
    <subfield code="f">LIBRO</subfield>
    <subfield code="l">0</subfield>
    <subfield code="o">637 L6</subfield>
    <subfield code="p">-93362</subfield>
    <subfield code="r">2019-12-31 00:00:00</subfield>
    <subfield code="t">c.37</subfield>
    <subfield code="w">2019-12-31</subfield>
    <subfield code="y">LIBRO</subfield>
    <subfield code="z">Recien adquirido</subfield>
  </datafield>
  <datafield tag="952" ind1=" " ind2=" ">
    <subfield code="0">1</subfield>
    <subfield code="1">0</subfield>
    <subfield code="4">0</subfield>
    <subfield code="5">4</subfield>
    <subfield code="7">1</subfield>
    <subfield code="8">MD</subfield>
    <subfield code="a">BC</subfield>
    <subfield code="b">BC</subfield>
    <subfield code="d">2012-12-17</subfield>
    <subfield code="f">LIBRO</subfield>
    <subfield code="l">0</subfield>
    <subfield code="o">637 L6</subfield>
    <subfield code="p">-93364</subfield>
    <subfield code="r">2019-12-31 00:00:00</subfield>
    <subfield code="t">c.38</subfield>
    <subfield code="w">2019-12-31</subfield>
    <subfield code="y">LIBRO</subfield>
    <subfield code="z">Recien adquirido</subfield>
  </datafield>
  <datafield tag="952" ind1=" " ind2=" ">
    <subfield code="0">1</subfield>
    <subfield code="1">0</subfield>
    <subfield code="4">0</subfield>
    <subfield code="5">4</subfield>
    <subfield code="7">1</subfield>
    <subfield code="8">MD</subfield>
    <subfield code="a">BC</subfield>
    <subfield code="b">BC</subfield>
    <subfield code="d">2012-12-17</subfield>
    <subfield code="f">LIBRO</subfield>
    <subfield code="l">0</subfield>
    <subfield code="o">637 L6</subfield>
    <subfield code="p">-93366</subfield>
    <subfield code="r">2019-12-31 00:00:00</subfield>
    <subfield code="t">c.39</subfield>
    <subfield code="w">2019-12-31</subfield>
    <subfield code="y">LIBRO</subfield>
    <subfield code="z">Recien adquirido</subfield>
  </datafield>
  <datafield tag="952" ind1=" " ind2=" ">
    <subfield code="0">1</subfield>
    <subfield code="1">0</subfield>
    <subfield code="4">0</subfield>
    <subfield code="5">4</subfield>
    <subfield code="7">1</subfield>
    <subfield code="8">MD</subfield>
    <subfield code="a">BC</subfield>
    <subfield code="b">BC</subfield>
    <subfield code="d">2012-12-17</subfield>
    <subfield code="f">LIBRO</subfield>
    <subfield code="l">0</subfield>
    <subfield code="o">637 L6</subfield>
    <subfield code="p">-93369</subfield>
    <subfield code="r">2019-12-31 00:00:00</subfield>
    <subfield code="t">c.40</subfield>
    <subfield code="w">2019-12-31</subfield>
    <subfield code="y">LIBRO</subfield>
    <subfield code="z">Recien adquirido</subfield>
  </datafield>
  <datafield tag="952" ind1=" " ind2=" ">
    <subfield code="0">1</subfield>
    <subfield code="1">0</subfield>
    <subfield code="4">0</subfield>
    <subfield code="5">4</subfield>
    <subfield code="7">1</subfield>
    <subfield code="8">MD</subfield>
    <subfield code="a">BC</subfield>
    <subfield code="b">BC</subfield>
    <subfield code="d">2012-12-17</subfield>
    <subfield code="f">LIBRO</subfield>
    <subfield code="l">0</subfield>
    <subfield code="o">637 L6</subfield>
    <subfield code="p">-93370</subfield>
    <subfield code="r">2019-12-31 00:00:00</subfield>
    <subfield code="t">c.41</subfield>
    <subfield code="w">2019-12-31</subfield>
    <subfield code="y">LIBRO</subfield>
    <subfield code="z">Recien adquirido</subfield>
  </datafield>
  <datafield tag="952" ind1=" " ind2=" ">
    <subfield code="0">1</subfield>
    <subfield code="1">0</subfield>
    <subfield code="4">0</subfield>
    <subfield code="5">4</subfield>
    <subfield code="7">1</subfield>
    <subfield code="8">MD</subfield>
    <subfield code="a">BC</subfield>
    <subfield code="b">BC</subfield>
    <subfield code="d">2012-12-17</subfield>
    <subfield code="f">LIBRO</subfield>
    <subfield code="l">0</subfield>
    <subfield code="o">637 L6</subfield>
    <subfield code="p">-93371</subfield>
    <subfield code="r">2019-12-31 00:00:00</subfield>
    <subfield code="t">c.42</subfield>
    <subfield code="w">2019-12-31</subfield>
    <subfield code="y">LIBRO</subfield>
    <subfield code="z">Recien adquirido</subfield>
  </datafield>
  <datafield tag="952" ind1=" " ind2=" ">
    <subfield code="0">1</subfield>
    <subfield code="1">0</subfield>
    <subfield code="4">0</subfield>
    <subfield code="5">4</subfield>
    <subfield code="7">1</subfield>
    <subfield code="8">MD</subfield>
    <subfield code="a">BC</subfield>
    <subfield code="b">BC</subfield>
    <subfield code="d">2012-12-17</subfield>
    <subfield code="f">LIBRO</subfield>
    <subfield code="l">0</subfield>
    <subfield code="o">637 L6</subfield>
    <subfield code="p">-93372</subfield>
    <subfield code="r">2019-12-31 00:00:00</subfield>
    <subfield code="t">c.43</subfield>
    <subfield code="w">2019-12-31</subfield>
    <subfield code="y">LIBRO</subfield>
    <subfield code="z">Recien adquirido</subfield>
  </datafield>
  <datafield tag="952" ind1=" " ind2=" ">
    <subfield code="0">1</subfield>
    <subfield code="1">0</subfield>
    <subfield code="4">0</subfield>
    <subfield code="5">4</subfield>
    <subfield code="7">1</subfield>
    <subfield code="8">MD</subfield>
    <subfield code="a">BC</subfield>
    <subfield code="b">BC</subfield>
    <subfield code="d">2012-12-17</subfield>
    <subfield code="f">LIBRO</subfield>
    <subfield code="l">0</subfield>
    <subfield code="o">637 L6</subfield>
    <subfield code="p">-93374</subfield>
    <subfield code="r">2019-12-31 00:00:00</subfield>
    <subfield code="t">c.44</subfield>
    <subfield code="w">2019-12-31</subfield>
    <subfield code="y">LIBRO</subfield>
    <subfield code="z">Recien adquirido</subfield>
  </datafield>
  <datafield tag="952" ind1=" " ind2=" ">
    <subfield code="0">1</subfield>
    <subfield code="1">0</subfield>
    <subfield code="4">0</subfield>
    <subfield code="5">4</subfield>
    <subfield code="7">1</subfield>
    <subfield code="8">MD</subfield>
    <subfield code="a">BC</subfield>
    <subfield code="b">BC</subfield>
    <subfield code="d">2012-12-17</subfield>
    <subfield code="f">LIBRO</subfield>
    <subfield code="l">0</subfield>
    <subfield code="o">637 L6</subfield>
    <subfield code="p">-93375</subfield>
    <subfield code="r">2019-12-31 00:00:00</subfield>
    <subfield code="t">c.45</subfield>
    <subfield code="w">2019-12-31</subfield>
    <subfield code="y">LIBRO</subfield>
    <subfield code="z">Recien adquirido</subfield>
  </datafield>
  <datafield tag="952" ind1=" " ind2=" ">
    <subfield code="0">1</subfield>
    <subfield code="1">0</subfield>
    <subfield code="4">0</subfield>
    <subfield code="5">4</subfield>
    <subfield code="7">1</subfield>
    <subfield code="8">MD</subfield>
    <subfield code="a">BC</subfield>
    <subfield code="b">BC</subfield>
    <subfield code="d">2012-12-17</subfield>
    <subfield code="f">LIBRO</subfield>
    <subfield code="l">0</subfield>
    <subfield code="o">637 L6</subfield>
    <subfield code="p">-93377</subfield>
    <subfield code="r">2019-12-31 00:00:00</subfield>
    <subfield code="t">c.46</subfield>
    <subfield code="w">2019-12-31</subfield>
    <subfield code="y">LIBRO</subfield>
    <subfield code="z">Recien adquirido</subfield>
  </datafield>
  <datafield tag="952" ind1=" " ind2=" ">
    <subfield code="0">1</subfield>
    <subfield code="1">0</subfield>
    <subfield code="4">0</subfield>
    <subfield code="5">4</subfield>
    <subfield code="7">1</subfield>
    <subfield code="8">MD</subfield>
    <subfield code="a">BC</subfield>
    <subfield code="b">BC</subfield>
    <subfield code="d">2012-12-17</subfield>
    <subfield code="f">LIBRO</subfield>
    <subfield code="l">0</subfield>
    <subfield code="o">637 L6</subfield>
    <subfield code="p">-93379</subfield>
    <subfield code="r">2019-12-31 00:00:00</subfield>
    <subfield code="t">c.47</subfield>
    <subfield code="w">2019-12-31</subfield>
    <subfield code="y">LIBRO</subfield>
    <subfield code="z">Recien adquirido</subfield>
  </datafield>
  <datafield tag="952" ind1=" " ind2=" ">
    <subfield code="0">1</subfield>
    <subfield code="1">0</subfield>
    <subfield code="4">0</subfield>
    <subfield code="5">4</subfield>
    <subfield code="7">1</subfield>
    <subfield code="8">MD</subfield>
    <subfield code="a">BC</subfield>
    <subfield code="b">BC</subfield>
    <subfield code="d">2012-12-17</subfield>
    <subfield code="f">LIBRO</subfield>
    <subfield code="l">0</subfield>
    <subfield code="o">637 L6</subfield>
    <subfield code="p">-93380</subfield>
    <subfield code="r">2019-12-31 00:00:00</subfield>
    <subfield code="t">c.48</subfield>
    <subfield code="w">2019-12-31</subfield>
    <subfield code="y">LIBRO</subfield>
    <subfield code="z">Recien adquirido</subfield>
  </datafield>
  <datafield tag="952" ind1=" " ind2=" ">
    <subfield code="0">1</subfield>
    <subfield code="1">0</subfield>
    <subfield code="4">0</subfield>
    <subfield code="5">4</subfield>
    <subfield code="7">1</subfield>
    <subfield code="8">MD</subfield>
    <subfield code="a">BC</subfield>
    <subfield code="b">BC</subfield>
    <subfield code="d">2012-12-17</subfield>
    <subfield code="f">LIBRO</subfield>
    <subfield code="l">0</subfield>
    <subfield code="o">637 L6</subfield>
    <subfield code="p">-93381</subfield>
    <subfield code="r">2019-12-31 00:00:00</subfield>
    <subfield code="t">c.49</subfield>
    <subfield code="w">2019-12-31</subfield>
    <subfield code="y">LIBRO</subfield>
    <subfield code="z">Recien adquirido</subfield>
  </datafield>
  <datafield tag="952" ind1=" " ind2=" ">
    <subfield code="0">1</subfield>
    <subfield code="1">0</subfield>
    <subfield code="4">0</subfield>
    <subfield code="5">4</subfield>
    <subfield code="7">1</subfield>
    <subfield code="8">MD</subfield>
    <subfield code="a">BC</subfield>
    <subfield code="b">BC</subfield>
    <subfield code="d">2012-12-17</subfield>
    <subfield code="f">LIBRO</subfield>
    <subfield code="l">0</subfield>
    <subfield code="o">637 L6</subfield>
    <subfield code="p">-93383</subfield>
    <subfield code="r">2019-12-31 00:00:00</subfield>
    <subfield code="t">c.50</subfield>
    <subfield code="w">2019-12-31</subfield>
    <subfield code="y">LIBRO</subfield>
    <subfield code="z">Recien adquirido</subfield>
  </datafield>
  <datafield tag="952" ind1=" " ind2=" ">
    <subfield code="0">1</subfield>
    <subfield code="1">0</subfield>
    <subfield code="4">0</subfield>
    <subfield code="5">4</subfield>
    <subfield code="7">1</subfield>
    <subfield code="8">MD</subfield>
    <subfield code="a">BC</subfield>
    <subfield code="b">BC</subfield>
    <subfield code="d">2012-12-17</subfield>
    <subfield code="f">LIBRO</subfield>
    <subfield code="l">0</subfield>
    <subfield code="o">637 L6</subfield>
    <subfield code="p">-93386</subfield>
    <subfield code="r">2019-12-31 00:00:00</subfield>
    <subfield code="t">c.51</subfield>
    <subfield code="w">2019-12-31</subfield>
    <subfield code="y">LIBRO</subfield>
    <subfield code="z">Recien adquirido</subfield>
  </datafield>
  <datafield tag="952" ind1=" " ind2=" ">
    <subfield code="0">1</subfield>
    <subfield code="1">0</subfield>
    <subfield code="4">0</subfield>
    <subfield code="5">4</subfield>
    <subfield code="7">1</subfield>
    <subfield code="8">MD</subfield>
    <subfield code="a">BC</subfield>
    <subfield code="b">BC</subfield>
    <subfield code="d">2012-12-17</subfield>
    <subfield code="f">LIBRO</subfield>
    <subfield code="l">0</subfield>
    <subfield code="o">637 L6</subfield>
    <subfield code="p">-93388</subfield>
    <subfield code="r">2019-12-31 00:00:00</subfield>
    <subfield code="t">c.52</subfield>
    <subfield code="w">2019-12-31</subfield>
    <subfield code="y">LIBRO</subfield>
    <subfield code="z">Recien adquirido</subfield>
  </datafield>
  <datafield tag="952" ind1=" " ind2=" ">
    <subfield code="0">1</subfield>
    <subfield code="1">0</subfield>
    <subfield code="4">0</subfield>
    <subfield code="5">4</subfield>
    <subfield code="7">1</subfield>
    <subfield code="8">MD</subfield>
    <subfield code="a">BC</subfield>
    <subfield code="b">BC</subfield>
    <subfield code="d">2012-12-17</subfield>
    <subfield code="f">LIBRO</subfield>
    <subfield code="l">0</subfield>
    <subfield code="o">637 L6</subfield>
    <subfield code="p">-93389</subfield>
    <subfield code="r">2019-12-31 00:00:00</subfield>
    <subfield code="t">c.53</subfield>
    <subfield code="w">2019-12-31</subfield>
    <subfield code="y">LIBRO</subfield>
    <subfield code="z">Recien adquirido</subfield>
  </datafield>
  <datafield tag="952" ind1=" " ind2=" ">
    <subfield code="0">1</subfield>
    <subfield code="1">0</subfield>
    <subfield code="4">0</subfield>
    <subfield code="5">4</subfield>
    <subfield code="7">1</subfield>
    <subfield code="8">MD</subfield>
    <subfield code="a">BC</subfield>
    <subfield code="b">BC</subfield>
    <subfield code="d">2012-12-17</subfield>
    <subfield code="f">LIBRO</subfield>
    <subfield code="l">0</subfield>
    <subfield code="o">637 L6</subfield>
    <subfield code="p">-93392</subfield>
    <subfield code="r">2019-12-31 00:00:00</subfield>
    <subfield code="t">c.54</subfield>
    <subfield code="w">2019-12-31</subfield>
    <subfield code="y">LIBRO</subfield>
    <subfield code="z">Recien adquirido</subfield>
  </datafield>
  <datafield tag="952" ind1=" " ind2=" ">
    <subfield code="0">1</subfield>
    <subfield code="1">0</subfield>
    <subfield code="4">0</subfield>
    <subfield code="5">4</subfield>
    <subfield code="7">1</subfield>
    <subfield code="8">MD</subfield>
    <subfield code="a">BC</subfield>
    <subfield code="b">BC</subfield>
    <subfield code="d">2012-12-17</subfield>
    <subfield code="f">LIBRO</subfield>
    <subfield code="l">0</subfield>
    <subfield code="o">637 L6</subfield>
    <subfield code="p">-93394</subfield>
    <subfield code="r">2019-12-31 00:00:00</subfield>
    <subfield code="t">c.55</subfield>
    <subfield code="w">2019-12-31</subfield>
    <subfield code="y">LIBRO</subfield>
    <subfield code="z">Recien adquirido</subfield>
  </datafield>
  <datafield tag="952" ind1=" " ind2=" ">
    <subfield code="0">1</subfield>
    <subfield code="1">0</subfield>
    <subfield code="4">0</subfield>
    <subfield code="5">4</subfield>
    <subfield code="7">1</subfield>
    <subfield code="8">MD</subfield>
    <subfield code="a">BC</subfield>
    <subfield code="b">BC</subfield>
    <subfield code="d">2012-12-17</subfield>
    <subfield code="f">LIBRO</subfield>
    <subfield code="l">0</subfield>
    <subfield code="o">637 L6</subfield>
    <subfield code="p">-93398</subfield>
    <subfield code="r">2019-12-31 00:00:00</subfield>
    <subfield code="t">c.56</subfield>
    <subfield code="w">2019-12-31</subfield>
    <subfield code="y">LIBRO</subfield>
    <subfield code="z">Recien adquirido</subfield>
  </datafield>
  <datafield tag="952" ind1=" " ind2=" ">
    <subfield code="0">1</subfield>
    <subfield code="1">0</subfield>
    <subfield code="4">0</subfield>
    <subfield code="5">4</subfield>
    <subfield code="7">1</subfield>
    <subfield code="8">MD</subfield>
    <subfield code="a">BC</subfield>
    <subfield code="b">BC</subfield>
    <subfield code="d">2012-12-17</subfield>
    <subfield code="f">LIBRO</subfield>
    <subfield code="l">0</subfield>
    <subfield code="o">637 L6</subfield>
    <subfield code="p">-93400</subfield>
    <subfield code="r">2019-12-31 00:00:00</subfield>
    <subfield code="t">c.57</subfield>
    <subfield code="w">2019-12-31</subfield>
    <subfield code="y">LIBRO</subfield>
    <subfield code="z">Recien adquirido</subfield>
  </datafield>
  <datafield tag="952" ind1=" " ind2=" ">
    <subfield code="0">1</subfield>
    <subfield code="1">0</subfield>
    <subfield code="4">0</subfield>
    <subfield code="5">4</subfield>
    <subfield code="7">1</subfield>
    <subfield code="8">MD</subfield>
    <subfield code="a">BC</subfield>
    <subfield code="b">BC</subfield>
    <subfield code="d">2012-12-17</subfield>
    <subfield code="f">LIBRO</subfield>
    <subfield code="l">0</subfield>
    <subfield code="o">637 L6</subfield>
    <subfield code="p">-93402</subfield>
    <subfield code="r">2019-12-31 00:00:00</subfield>
    <subfield code="t">c.58</subfield>
    <subfield code="w">2019-12-31</subfield>
    <subfield code="y">LIBRO</subfield>
    <subfield code="z">Recien adquirido</subfield>
  </datafield>
  <datafield tag="952" ind1=" " ind2=" ">
    <subfield code="0">0</subfield>
    <subfield code="1">0</subfield>
    <subfield code="4">0</subfield>
    <subfield code="5">1</subfield>
    <subfield code="7">0</subfield>
    <subfield code="8">UACH</subfield>
    <subfield code="a">BC</subfield>
    <subfield code="b">BC</subfield>
    <subfield code="c">PA_UACH</subfield>
    <subfield code="d">2012-12-17</subfield>
    <subfield code="f">LIBRO</subfield>
    <subfield code="l">0</subfield>
    <subfield code="o">637 L6</subfield>
    <subfield code="p">33724002475743</subfield>
    <subfield code="r">2019-12-31 00:00:00</subfield>
    <subfield code="t">c.60</subfield>
    <subfield code="w">2012-12-17</subfield>
    <subfield code="y">LIBRO</subfield>
  </datafield>
</record>
